|
|
|
|
| LEADER |
01279nam a2200337 a 4500 |
| 001 |
28503 |
| 003 |
BD-DhAAL |
| 005 |
20141027104631.0 |
| 008 |
141027r20011993ii b 001 0 eng |
| 010 |
|
|
|a 93908135
|
| 020 |
|
|
|a 8173040370
|
| 020 |
|
|
|a 817304337X
|
| 040 |
|
|
|a DLC
|c DLC
|d DLC
|d BD-DhAAL
|
| 050 |
0 |
0 |
|a DS452
|b .K85 1993
|
| 082 |
0 |
0 |
|a 954
|2 20
|
| 100 |
1 |
|
|a Kulke, Hermann.
|9 5860
|
| 245 |
1 |
0 |
|a Kings and cults :
|b state formation and legitimation in India and Southeast Asia /
|c Hermann Kulke.
|
| 260 |
|
|
|a New Delhi :
|b Manohar Publishers & Distributors,
|c 1993.[Reprinted 2001]
|
| 300 |
|
|
|a xiv, 392 p. ;
|c 23 cm.
|
| 490 |
|
|
|a Perspectives in history ;
|v vol. 7
|
| 504 |
|
|
|a Includes bibliographical references and index.
|
| 520 |
|
|
|a Articles covers medieval India and Southeast Asia.
|
| 541 |
|
|
|e 28503
|
| 650 |
|
0 |
|a Cults
|z India.
|9 5861
|
| 650 |
|
0 |
|a Cults
|z Southeast Asia.
|9 5862
|
| 651 |
|
0 |
|a India
|x History
|y 1000-1526.
|9 5863
|
| 651 |
|
0 |
|a India
|x History
|y 1526-1765.
|9 5864
|
| 651 |
|
0 |
|a Southeast Asia
|x History.
|9 5865
|
| 942 |
|
|
|2 ddc
|c BK
|
| 999 |
|
|
|c 32991
|d 32991
|
| 952 |
|
|
|0 0
|1 0
|2 ddc
|4 0
|6 954_000000000000000_KUL
|7 0
|9 43943
|a BRACUL
|b BRACUL
|c GEN
|d 2014-10-27
|e Riza Enterprises
|g 700.00
|l 2
|m 1
|o 954 KUL
|p 3010028503
|r 2025-07-07
|s 2025-01-12
|t 1
|w 2014-10-27
|y BK
|